000 00825cem a22001935a 4500
001 L140302
008 070917s1799 xxk a 0 feng u
035 _a(Sirsi) u140302
041 0 _aeng
100 1 _aHorwood, Richard
245 0 0 _aPart of Westminster 1799
_bfrom a "Plan of the Cities of London and Westminster, the Borough of Southwark, and parts adjoining shewing every house by R. Horwood" 1799
_h[cartographic material]
255 _aScale not given
260 _aS.l.
_bs.n.
_c1799
300 _a1 map
_bphotograph, rolled
_c51 x 61 cm.
500 _aThe item is a photograph of the original which was received by the Library following the 'Royal Westminster' exhibition in 1981.
651 4 _aLondon
690 _aENVIRONMENTAL AND LAND CONSULTANCY-GEOMATICS-MAPPING AND POSITIONING-CARTOGRAPHY
942 _n0
999 _c116826
_d116826